阴阳师全部式神名称(截止至2024/2/26) - Statistics

General Stats
  • This quiz has been taken 22 times
  • The average score is 103 of 230
Answer Stats
分类 名称 % Correct
酒吞童子
100%
茨木童子
100%
ssr 大天狗
95%
小鹿男
89%
荒川之主
84%
84%
座敷童子
84%
青行灯
79%
妖刀姬
79%
辉夜姬
79%
樱花妖
79%
山兔
79%
阎魔
74%
不知火
74%
sr 桃花妖
74%
雪女
74%
鬼使白
74%
鬼使黑
74%
犬神
74%
姑获鸟
74%
黑童子
74%
白童子
74%
涂壁
74%
花鸟卷
68%
八岐大蛇
68%
镰鼬
68%
天邪鬼赤
68%
天邪鬼黄
68%
天邪鬼青
68%
两面佛
63%
鬼切
63%
白藏主
63%
天照
63%
63%
判官
63%
清姬
63%
以津真天
63%
鲤鱼精
63%
九命猫
63%
河童
63%
鸦天狗
63%
椒图
63%
萤草
63%
山童
63%
天邪鬼绿
63%
帚神
63%
酒吞呱
63%
茨木呱
63%
炼狱茨木童子
58%
一目连
58%
彼岸花
58%
山风
58%
玉藻前
58%
大岳丸
58%
泷夜叉姬
58%
铃鹿御前
58%
鬼女红叶
58%
妖琴师
58%
食发鬼
58%
荒川呱
58%
小鹿男呱
58%
sp 少羽大天狗
53%
烬天玉藻前
53%
鬼王酒吞童子
53%
御馔津
53%
鬼童丸
53%
缘结神
53%
千姬
53%
阿修罗
53%
须佐之男
53%
孟婆
53%
金鱼姬
53%
r 三尾狐
53%
狸猫
53%
n 灯笼鬼
53%
大天狗呱
53%
妖刀姬呱
53%
荒呱
53%
杀生丸
53%
云外镜
47%
紧那罗
47%
帝释天
47%
寻香行
47%
47%
月读
47%
妖狐
47%
络新妇
47%
夜叉
47%
烟烟罗
47%
日和坊
47%
化鲸
47%
蟹姬
47%
雨女
47%
兵俑
47%
铁鼠
47%
阎魔呱
47%
青行灯呱
47%
辉夜姬呱
47%
彼岸花呱
47%
苍风一目连
42%
浮世青行灯
42%
夜溟彼岸花
42%
神堕八岐大蛇
42%
本真三尾狐
42%
雪童子
42%
面灵气
42%
铃彦姬
42%
跳跳哥哥
42%
海坊主
42%
凤凰火
42%
食梦貘
42%
二口女
42%
惠比寿
42%
般若
42%
青坊主
42%
万年竹
42%
42%
小松丸
42%
百目鬼
42%
追月神
42%
久次良
42%
童男
42%
童女
42%
跳跳妹妹
42%
丑时之女
42%
独眼小僧
42%
蝴蝶精
42%
青蛙瓷器
42%
天井下
42%
提灯小僧
42%
一目连呱
42%
花鸟卷呱
42%
联动式神 奴良陆生
42%
犬夜叉
42%
稻荷神御馔津
37%
赤影妖刀姬
37%
御怨般若
37%
麓铭大岳丸
37%
蝉冰雪女
37%
梦寻山兔
37%
神启荒
37%
吸血姬
37%
跳跳弟弟
37%
赤舌
37%
两面佛呱
37%
玉藻前呱
37%
卖药郎
37%
蜜桃&芥子
37%
桔梗
37%
朽木露琪亚
37%
黑崎一护
37%
灶门祢豆子
37%
灶门炭治郎
37%
我妻善逸
37%
骁浪荒川之主
32%
聆海金鱼姬
32%
缚骨清姬
32%
空相面灵气
32%
绘世花鸟卷
32%
因幡辉夜姬
32%
心狩鬼女红叶
32%
禅心云外镜
32%
寻森小鹿男
32%
纺愿缘结神
32%
渺念萤草
32%
食灵
32%
饭笥
32%
不见岳
32%
言灵
32%
孔雀明王
32%
伊邪那美
32%
骨女
32%
白狼
32%
书翁
32%
32%
猫掌柜
32%
蝎女
32%
粉婆婆
32%
武士之灵
32%
首无
32%
古笼火
32%
数珠
32%
小袖之手
32%
虫师
32%
御馔津呱
32%
天剑韧心鬼切
26%
待宵姑获鸟
26%
修罗鬼童丸
26%
鲸汐千姬
26%
匣中少女
26%
人面树
26%
一反木绵
26%
入殓师
26%
星熊童子
26%
管狐
26%
26%
兔丸
26%
影鳄
26%
盗墓小鬼
26%
唐纸伞妖
26%
雪童子呱
26%
鬼灯
26%
嘴平伊之助
26%
夜刀神
26%
坂田银时
26%
初翎山风
21%
大夜摩天阎魔
21%
流光追月神
21%
傀儡师
21%
21%
於菊虫
21%
海忍
21%
风狸
21%
入内雀
21%
迦楼罗
21%
天逆每
21%
巫蛊师
21%
垢尝
21%
福悦座敷童子
16%
川猿
16%
灵海蝶
16%
慧明灯
16%
饿鬼
16%
寄生魂
16%
阿香
16%
神乐&定春
16%
纸舞
11%
饴细工
11%
盗人神
11%
闻人翊悬
11%
No matching quizzes found
Score Distribution
Percent of People with Each Score
Percentile by Number Answered
Your Score History
You have not taken this quiz